000 00465nam a2200193Ia 4500
005 20250423100040.0
008 250422s9999 xx 000 0 und d
020 _a13-978-0-13-712971-3
050 _aHB 172.5 .F76/ 
100 _aRichard T Froyen
245 0 _aMacro Economics : Theories and Policies
250 _a9th ed.
260 _aNew jersey
260 _bPearson
260 _c2009
300 _a454 p
650 _aMacro Economics
942 _cBK
999 _c32129
_d32129